| 000 | 005470000a22001930004500 | ||
|---|---|---|---|
| 041 | 0 | _aENG | |
| 082 | 0 | 4 | _aG 232.9 G3127w |
| 100 | 1 | _aGeikie, Cunningham | |
| 245 | 1 | 0 | _aThe life and words of Chrits / Cunningham Geikie |
| 250 | _aRevised Edition | ||
| 260 | _aNew York, NY., USA : D. Appleton | ||
| 505 | 0 | 0 | _aVol. I : xvi, 581 Pag Vol. II : 655 Pag |
| 650 | 1 | 4 | _aJESUCRISTO - BIOGRAFIAS |
| 001 | 3740 | ||
| 942 | _cBK | ||
| 999 |
_c34378 _d34378 |
||
| 336 |
_atexto _btxt _2rdacontent |
||
| 337 |
_2rdamedia _asin mediación _bn |
||
| 338 |
_2rdacarrier _avolumen _bnc |
||